Արևը : (Record no. 139330)
[ view plain ]
| 000 -LEADER | |
|---|---|
| fixed length control field | 00857nam a2200229 u 4500 |
| 001 - CONTROL NUMBER | |
| control field | 000364341 |
| 003 - CONTROL NUMBER IDENTIFIER | |
| control field | AM-YeHGA |
| 005 - DATE AND TIME OF LATEST TRANSACTION | |
| control field | 20250618072244.0 |
| 008 - FIXED-LENGTH DATA ELEMENTS--GENERAL INFORMATION | |
| fixed length control field | 040310s1981 ai r 000 0 arm d |
| 040 ## - CATALOGING SOURCE | |
| Original cataloging agency | AM-YeHGA |
| 041 0# - LANGUAGE CODE | |
| Language code of text/sound track or separate title | arm |
| 080 ## - UNIVERSAL DECIMAL CLASSIFICATION NUMBER | |
| Universal Decimal Classification number | Ар2 |
| 090 ## - LOCALLY ASSIGNED LC-TYPE CALL NUMBER (OCLC); LOCAL CALL NUMBER (RLIN) | |
| Classification number (OCLC) (R) ; Classification number, CALL (RLIN) (NR) | Ա-82 |
| 090 ## - LOCALLY ASSIGNED LC-TYPE CALL NUMBER (OCLC); LOCAL CALL NUMBER (RLIN) | |
| -- | 140707 |
| 100 1# - MAIN ENTRY--PERSONAL NAME | |
| Personal name | Արազի, Մովսես, |
| Dates associated with a name | 1878-1964 |
| 9 (RLIN) | 972 |
| 245 10 - TITLE STATEMENT | |
| Title | Արևը : |
| Remainder of title | [Պատմվածք]: Կրտսեր տարիքի դպր. համար / |
| Statement of responsibility, etc. | Մ. Արազի; Խմբ.՝ Հ.Մ. Կարապետյան Նկ.՝ Ա.Ա. Թումասյան. |
| 260 ## - PUBLICATION, DISTRIBUTION, ETC. | |
| Place of publication, distribution, etc. | Երևան : |
| Name of publisher, distributor, etc. | Սովետական գրող, |
| Date of publication, distribution, etc. | 1981. |
| 300 ## - PHYSICAL DESCRIPTION | |
| Extent | 15 էջ : |
| Other physical details | գունանկ. ; |
| Dimensions | 16 սմ. |
| 650 14 - SUBJECT ADDED ENTRY--TOPICAL TERM | |
| Topical term or geographic name entry element | Հայ մանկական գրականություն |
| General subdivision | Պատմվածք |
| 700 1# - ADDED ENTRY--PERSONAL NAME | |
| Personal name | Կարապետյան, Հ.Մ. |
| Relator term | խմբ. |
| Relationship | edt |
| 700 1# - ADDED ENTRY--PERSONAL NAME | |
| Personal name | Թումասյան, Ա.Ա. |
| Relator term | նկ. |
| Relationship | art |
| Withdrawn status | Lost status | Damaged status | Not for loan | Collection | Home library | Current library | Date acquired | Total checkouts | Full call number | Barcode | Date last seen | Cost, replacement price | Price effective from | Koha item type | Public note |
|---|---|---|---|---|---|---|---|---|---|---|---|---|---|---|---|
| General | Fundamental Scientific Library | Fundamental Scientific Library | 22/12/2016 | AI/16935 | FL0058529 | 22/12/2016 | 45.00 | 22/12/2016 | Գրքեր / Books | 30 Days Loan |
ՀՀ Գիտությունների ազգային ակադեմիայի հիմնարար գիտական գրադարան = Fundamental Scientific Library of NAS RA
All site content, except where otherwise noted, is licensed under a